000 00385 a2200169 4500
001 70021
020 _a8588044048
040 _cAnchieta - Itaigara
100 _aNeves, André
240 1 0 _aA caligrafia de dona sofia
_lpor
245 1 0 _aA caligrafia de dona sofia
300 _a31
362 0 _a2001
440 1 _aElementar
650 4 _aLiteratura infanto-juvenil
942 _cBK
999 _c70021
_d70021